Buenos aires. provincia. debates de la sala de representantes de la provincia de buenos al tratarse /

Guardado en:
Formato: Libro
Publicado: San Nicolas Delos Arroyos : Ministerio De Educacion De La Nacion, 1951
Series:Direccion General De Cultura
Materias:
Etiquetas: Agregar Etiqueta
Sin Etiquetas, Sea el primero en etiquetar este registro!
LEADER 00723nam a22002055a 4500
001 EHU.bham025267
003 AR-BHAM
005 20080515150904.0
008 130507s1951##################000#0#####d
082 9 8 |a 982.05 
245 0 0 |a Buenos aires. provincia. debates de la sala de representantes de la provincia de buenos al tratarse / 
260 |a San Nicolas Delos Arroyos :  |b Ministerio De Educacion De La Nacion,  |c 1951 
300 |a 185 p. 
490 0 |a Direccion General De Cultura 
500 |a Comision Nacional De Museos Y Monumentos 
653 |a Donacion lejarraga 
653 |a Buenos aires [prov.] 
653 |a Buenos aires-acuerdos 
653 |a Debate 
859 |a AR-BHAM  |b BIB. HUMANIDADES - General  |h 982.05  |i B862  |p 944.02  |t Ej.1